<?xml version="1.0" encoding="UTF-8"?>
<record
    xmlns:xsi="http://www.w3.org/2001/XMLSchema-instance"
    xsi:schemaLocation="http://www.loc.gov/MARC21/slim http://www.loc.gov/standards/marcxml/schema/MARC21slim.xsd"
    xmlns="http://www.loc.gov/MARC21/slim">

  <leader>02691pam a22003734a 4500</leader>
  <controlfield tag="001">4175815</controlfield>
  <controlfield tag="005">20210414113931.0</controlfield>
  <controlfield tag="008">030509s2003    nju      b    001 0 eng  </controlfield>
  <datafield tag="010" ind1=" " ind2=" ">
    <subfield code="a">  2003053533</subfield>
  </datafield>
  <datafield tag="020" ind1=" " ind2=" ">
    <subfield code="a">9812383883</subfield>
  </datafield>
  <datafield tag="020" ind1=" " ind2=" ">
    <subfield code="a">9812384154 (pbk.)</subfield>
  </datafield>
  <datafield tag="035" ind1=" " ind2=" ">
    <subfield code="a">(OCoLC)ocm52257546</subfield>
  </datafield>
  <datafield tag="035" ind1=" " ind2=" ">
    <subfield code="a">(NNC)4175815</subfield>
  </datafield>
  <datafield tag="040" ind1=" " ind2=" ">
    <subfield code="a">DLC</subfield>
    <subfield code="c">DLC</subfield>
    <subfield code="d">YDX</subfield>
    <subfield code="d">OrLoB-B</subfield>
  </datafield>
  <datafield tag="042" ind1=" " ind2=" ">
    <subfield code="a">pcc</subfield>
  </datafield>
  <datafield tag="050" ind1="0" ind2="0">
    <subfield code="a">QC174.17.C45I62 </subfield>
  </datafield>
  <datafield tag="082" ind1="0" ind2="0">
    <subfield code="a">530.12</subfield>
    <subfield code="2">21</subfield>
  </datafield>
  <datafield tag="245" ind1="0" ind2="0">
    <subfield code="a">Introduction to random time and quantum randomness. /</subfield>
    <subfield code="c">Kai Lai Chung, Jean-Claude Zambrini.</subfield>
  </datafield>
  <datafield tag="260" ind1=" " ind2=" ">
    <subfield code="a">River Edge, N.J. :</subfield>
    <subfield code="b">World Scientific,</subfield>
    <subfield code="c">c2003.</subfield>
  </datafield>
  <datafield tag="300" ind1=" " ind2=" ">
    <subfield code="a">xii, 211 p. ;</subfield>
    <subfield code="c">24cm.</subfield>
  </datafield>
  <datafield tag="490" ind1="1" ind2=" ">
    <subfield code="a">Monographs of the Portuguese Mathematical Society ;</subfield>
    <subfield code="v">v. 1</subfield>
  </datafield>
  <datafield tag="504" ind1=" " ind2=" ">
    <subfield code="a">Includes bibliographical references and index.</subfield>
  </datafield>
  <datafield tag="505" ind1="0" ind2="0">
    <subfield code="t">Contents: Monographs of the Portuguese Mathematical Society -- </subfield>
    <subfield code="g">Pt. 1.</subfield>
    <subfield code="t">Introduction to Random Time -- </subfield>
    <subfield code="g">1.</subfield>
    <subfield code="t">Prologue -- </subfield>
    <subfield code="g">2.</subfield>
    <subfield code="t">Stopping time -- </subfield>
    <subfield code="g">3.</subfield>
    <subfield code="t">Martingale stopped -- </subfield>
    <subfield code="g">4.</subfield>
    <subfield code="t">Random past and future -- </subfield>
    <subfield code="g">5.</subfield>
    <subfield code="t">Other times -- </subfield>
    <subfield code="g">6.</subfield>
    <subfield code="t">From first to last -- </subfield>
    <subfield code="g">7.</subfield>
    <subfield code="t">Gapless time -- </subfield>
    <subfield code="g">8.</subfield>
    <subfield code="t">Markov chain in continuum time -- </subfield>
    <subfield code="g">9.</subfield>
    <subfield code="t">The trouble with the infinite -- </subfield>
    <subfield code="g">Pt. 2.</subfield>
    <subfield code="t">Introduction to Quantum Randomness -- </subfield>
    <subfield code="g">1.</subfield>
    <subfield code="t">Classical prologue -- </subfield>
    <subfield code="g">2.</subfield>
    <subfield code="t">Standard quantum mechanics -- </subfield>
    <subfield code="g">3.</subfield>
    <subfield code="t">Probabilities in standard quantum mechanics -- </subfield>
    <subfield code="g">4.</subfield>
    <subfield code="t">Feynman's approach to quantum probabilities -- </subfield>
    <subfield code="g">5.</subfield>
    <subfield code="t">Schrodinger's Euclidean quantum mechanics -- </subfield>
    <subfield code="g">6.</subfield>
    <subfield code="t">Beyond Feynman's approach -- </subfield>
    <subfield code="g">7.</subfield>
    <subfield code="t">Time for a dialogue.</subfield>
  </datafield>
  <datafield tag="520" ind1="1" ind2=" ">
    <subfield code="a">"This book is made up of two essays on the role of time in probability and quantum physics. In the first one, K. L. Chung explains why, in his view, probability theory starts where random time appears. This idea is illustrated in various probability schemes and the deep impact of those random times on the theory of the stochastic process is shown." "In the second essay J-C Zambrini shows why quantum physics is not a regular probabilistic theory, but also why stochastic analysis provides new tools for analyzing further the meaning of Feynman's path integral approach and a number of foundational issues of quantum physics far beyond what is generally considered. The role of the time parameter, in this theory, is critically re-examined and a fresh way to approach the long-standing problem of the quantum time observable is suggested."--BOOK JACKET.</subfield>
  </datafield>
  <datafield tag="650" ind1=" " ind2="0">
    <subfield code="a">Quantum chaos.</subfield>
  </datafield>
  <datafield tag="650" ind1=" " ind2="0">
    <subfield code="a">Random fields.</subfield>
  </datafield>
  <datafield tag="650" ind1=" " ind2="0">
    <subfield code="a">Mathematical physics.</subfield>
  </datafield>
  <datafield tag="650" ind1=" " ind2="0">
    <subfield code="a">Stochastic processes.</subfield>
  </datafield>
  <datafield tag="700" ind1="1" ind2=" ">
    <subfield code="a">Chung, Kai Lai,</subfield>
    <subfield code="d">1917-2009.</subfield>
  </datafield>
  <datafield tag="700" ind1="1" ind2=" ">
    <subfield code="a">Zambrini, Jean-Claude.</subfield>
  </datafield>
  <datafield tag="830" ind1=" " ind2="0">
    <subfield code="a">Monographs of the Portuguese Mathematical Society ;</subfield>
    <subfield code="v">v. 1.</subfield>
  </datafield>
  <datafield tag="900" ind1=" " ind2=" ">
    <subfield code="b">TOC</subfield>
  </datafield>
  <datafield tag="942" ind1=" " ind2=" ">
    <subfield code="2">lcc</subfield>
    <subfield code="c">BK</subfield>
  </datafield>
  <datafield tag="999" ind1=" " ind2=" ">
    <subfield code="c">783</subfield>
    <subfield code="d">8283</subfield>
  </datafield>
  <datafield tag="952" ind1=" " ind2=" ">
    <subfield code="0">0</subfield>
    <subfield code="1">0</subfield>
    <subfield code="2">lcc</subfield>
    <subfield code="4">0</subfield>
    <subfield code="7">0</subfield>
    <subfield code="a">WIUC-1</subfield>
    <subfield code="b">WIUC-1</subfield>
    <subfield code="c">REF</subfield>
    <subfield code="d">2012-04-27</subfield>
    <subfield code="l">0</subfield>
    <subfield code="o">QC174.17.C45I62</subfield>
    <subfield code="p">1936/12</subfield>
    <subfield code="r">2012-04-27 00:00:00</subfield>
    <subfield code="t">1</subfield>
    <subfield code="w">2012-04-27</subfield>
    <subfield code="y">BK</subfield>
  </datafield>
</record>
